| 000 | 01122cam a2200313 i 4500 | ||
|---|---|---|---|
| 001 | 15013340 | ||
| 003 | EG-ScBUE | ||
| 005 | 20241210105906.0 | ||
| 008 | 070919s2007 enka f b f001 0 eng d | ||
| 020 | 0 | 4 | _a9780199228874 (hbk.) |
| 020 | _a0199228876 (hbk.) | ||
| 040 |
_aDLC _bEng _erda _cUKM _dBAKER _dBTCTA _dBWKUK _dYDXCP _dDLC _dEG-ScBUE |
||
| 082 | 0 | 4 |
_a519.55 _222 _bCOM |
| 100 | 1 |
_aCommandeur, Jacques J. F., _eauthor. _938476 |
|
| 245 | 1 | 3 |
_aAn introduction to state space time series analysis / _cJacques J. F. Commandeur, Siem Jan Koopman. |
| 264 | 1 |
_aOxford ; _aNew York : _bOxford University Press, _c2007. |
|
| 300 |
_axiv, 174 pages : _billustrations ; _c24 cm |
||
| 336 |
_2rdacontent _atext _btxt |
||
| 337 |
_2rdamedia _aunmediated _bn |
||
| 338 |
_2rdacarrier _avolume _bnc |
||
| 490 | 0 | _aPractical econometrics | |
| 504 | _aIncludes bibliographical references and index. | ||
| 650 | 7 |
_aTime-series analysis. _2BUEsh |
|
| 650 | 7 |
_aState-space methods. _2BUEsh |
|
| 653 |
_bBUSECO _cJune2015 _cOctober2015 |
||
| 655 | _vReading book | ||
| 700 | 1 |
_aKoopman, S. J. _q(Siem Jan) _eauthor. |
|
| 942 |
_2ddc _cBB |
||
| 999 |
_c19503 _d19475 |
||